[Event "ch-CHN 2017"]
[Site "Xinghua CHN"]
[Date "2017.04.23"]
[Round "1.3"]
[White "Xu,Yi"]
[Black "Wei Yi"]
[Result "1/2-1/2"]
[WhiteElo "2454"]
[BlackElo "2727"]

1.e4 g6 2.d4 Bg7 3.Nc3 d6 4.f4 a6 5.Nf3 b5 6.Bd3 Nd7 7.e5 c5 8.Be3 Bb7 9.Be4 Bxe4
10.Nxe4 Nh6 11.dxc5 dxe5 12.c6 Nf6 13.Nxf6+ exf6 14.fxe5 fxe5 15.O-O Nf5
16.Qxd8+ Rxd8 17.c7 Rc8 18.Bb6 Kd7 19.Ng5 Kc6 20.Ba5 Rhf8 21.g4 Ne3 22.Rxf7 Rxf7
23.Nxf7 e4 24.c3 Bf8 25.b4 Bd6 26.Nxd6 Kxd6 27.Re1 Nxg4 28.Rxe4 Ne5 29.Bb6 Kd5
30.Rd4+ Kc6 31.Rd8 Kb7 32.Kf2 Nc4 33.Rxc8 Kxc8 34.Bd4 Kxc7 35.Kf3 Kd6 36.Kf4 Nd2
37.Be3 Nb1 38.Bd4 Kd5 39.Kg5 Kc4 40.Kh6 Nxc3 41.Bxc3 Kxc3 42.h4 Kxb4 43.Kxh7 Ka3
44.Kxg6 b4 45.h5 Kxa2 46.h6 b3 47.h7 b2 48.h8=Q b1=Q+ 49.Kf7 Qf5+ 50.Ke7 Qe4+
51.Kf7 Qf4+ 52.Kg6 Qg4+ 53.Kf7 Qf4+ 54.Kg6 Kb3 55.Qe8 Qd6+ 56.Kh7 Qd3+ 57.Kh8 Qd4+
58.Kg8 Qg4+ 59.Kh8 Qh3+ 60.Kg8 Qg3+ 61.Kh8 Qc3+ 62.Kg8 Qc4+ 63.Kh8 Kc2 64.Qf7 Kc3
65.Qf3+ Kd2 66.Qf2+ Qe2 67.Qf7 Qe5+ 68.Kh7 Qe4+ 69.Kh8 Qe5+ 70.Kh7 a5 71.Qa2+ Ke3
72.Qb3+ Kf4 73.Qf7+ Kg5 74.Qg6+ Kh4 75.Qa6 Qe4+ 76.Kh8 Qe5+ 77.Kh7 Qf5+ 78.Kh8 Kg5
79.Qa8 Qe5+ 80.Kh7 Qe7+ 81.Kh8 Qf6+ 82.Kh7 Qf5+ 83.Kh8 Kf4 84.Qa6 Qe5+ 85.Kh7 Ke3
86.Qb6+ Ke2 87.Qg6 Qc7+ 88.Kh8 Qc3+ 89.Kh7 Qe5 90.Qf7 Qe4+ 91.Kh8 Qd4+ 92.Kg8 a4
93.Qa2+ Kd1 94.Qb1+ Kd2 95.Qa2+ Kc1 96.Qf7 Qg4+ 97.Kh8 Qh3+ 98.Kg8 Qg2+ 99.Kh8 Qh1+
100.Kg8 Qg1+ 101.Kh7 Qh1+ 102.Kg8 Qa8+ 103.Kg7 Qe4 104.Qf1+ Kc2 105.Qf2+ Kc3
106.Qf7 Qe5+ 107.Kh7 Qh2+ 108.Kg8 Qg3+ 109.Kh8 Qh4+ 110.Kg8 Qd8+ 111.Kh7 Qd3+
112.Kh8 a3 113.Qc7+ Kb3 114.Qb7+ Kc2 115.Qg2+ Qd2 116.Qg6+ Kb2 117.Qb6+ Ka1
118.Qg1+ Ka2 119.Qg6 Qc3+ 120.Kh7 Qc7+ 121.Kh8 Qb8+ 122.Kh7 Qb7+ 123.Kh8 Ka1
124.Qf7 Qh1+ 125.Kg8 Qg2+ 126.Kh8 a2 127.Qg6 Qf2 128.Qf7 Qd4+ 129.Kg8 Qg4+
130.Kh8 Qc8+ 131.Kh7 Qc2+ 132.Kh8 Qc3+ 133.Kh7 Qd3+ 134.Kh8 Qe2 135.Qg6 Qh2+
136.Kg8 Qb8+ 137.Kh7 Qc7+ 138.Kh8 Qc3+ 139.Kg8 Qc4+ 140.Kh8 Qd4+ 141.Kg8 Qd5+
142.Kh8 Qe5+ 143.Kh7 Qe7+ 144.Kh8 Qh4+ 145.Kg8 Qd8+ 146.Kh7 Qd7+ 147.Kg8 Qd5+
148.Kh8 Qb5 149.Qg1+ Qb1 150.Qg6 Qb2+ 151.Kh7 Qf2 152.Qg7+ Qb2 153.Qg6 Qb7+
154.Kh8 Qc8+ 155.Kh7 Qd7+ 156.Kg8 Qd4 157.Kh7 Kb2 158.Qg2+ Kb3 159.Qb7+ Kc3
160.Qc7+ Qc4 161.Qe5+ Kd2 162.Qh2+ Qe2 163.Qf4+ Kc2 164.Qa4+ Kc1 165.Qf4+ Kd1
166.Qd4+ Qd2 167.Qa1+ Ke2 168.Qe5+ Kf1 169.Qf5+ Kg1 170.Qg4+ Kh1 171.Qf3+ Kg1
172.Qg4+ Kf1 173.Qf3+ Kg1 174.Qg4+  1/2-1/2

[Event "ch-CHN 2017"]
[Site "Xinghua CHN"]
[Date "2017.04.24"]
[Round "2.4"]
[White "Wei Yi"]
[Black "Xu,Minghui"]
[Result "1-0"]
[WhiteElo "2727"]
[BlackElo "2283"]

1.Nf3 Nf6 2.c4 c5 3.Nc3 Nc6 4.g3 g6 5.Bg2 Bg7 6.d4 cxd4 7.Nxd4 O-O 8.O-O Qa5
9.Nb3 Qh5 10.Nd5 d6 11.Nf4 Qf5 12.Bd2 Ne4 13.Be1 Nc5 14.Bc3 Bxc3 15.bxc3 Qd7
16.Nxc5 dxc5 17.Qc1 e6 18.Nd3 Qc7 19.Nxc5 Ne5 20.Qe3 Rb8 21.Ne4 f5 22.Nd2 b6
23.Rfd1 Re8 24.c5 Qxc5 25.Qxc5 bxc5 26.Nb3 Ba6 27.f4 Ng4 28.Bf3 Bc4 29.Nxc5 Rb2
30.Bxg4 fxg4 31.Ne4 Re7 32.Rd2 Rxd2 33.Nxd2 Bxe2 34.Kf2 Bb5 35.c4 Bc6 36.Re1 Kf7
37.Re5 Rb7 38.Ke3 Ke7 39.Nb3 Bd7 40.Ra5 Rb4 41.Kd4 Rb7 42.Ke5 Rc7 43.Kd4 Rb7
44.Nc5 Rc7 45.Nd3 h5 46.Nc5 Kd6 47.a3 Bc6 48.Na6 Rd7 49.Kc3 Bb7 50.Nb4 Bf3
51.Nd3 Rc7 52.Ne5 Be4 53.Kd4 Bc2 54.Ra6+  1-0

[Event "ch-CHN 2017"]
[Site "Xinghua CHN"]
[Date "2017.04.25"]
[Round "3.4"]
[White "Lu Shanglei"]
[Black "Wei Yi"]
[Result "1/2-1/2"]
[WhiteElo "2620"]
[BlackElo "2727"]

1.e4 e5 2.Nf3 Nc6 3.Bb5 a6 4.Ba4 Nf6 5.O-O Be7 6.Re1 b5 7.Bb3 O-O 8.a4 b4
9.d4 d6 10.dxe5 Nxe5 11.Nxe5 dxe5 12.Qe2 Bc5 13.Be3 Bxe3 14.Qxe3 Ng4 15.Qe2 Qh4
16.h3 Nf6 17.Nd2 Nh5 18.Rad1 Nf4 19.Qf3 Qg5 20.Qg3 Qxg3 21.fxg3 Ne6 22.Bd5 Rb8
23.Nc4 f6 24.Na5 Rb6 25.Nc4 Rb8 26.Na5 Rb6 27.Nc4 Rb8 28.Na5 Rb6  1/2-1/2

[Event "ch-CHN 2017"]
[Site "Xinghua CHN"]
[Date "2017.04.26"]
[Round "4.3"]
[White "Wei Yi"]
[Black "Zeng,C"]
[Result "1-0"]
[WhiteElo "2727"]
[BlackElo "2536"]

1.e4 d5 2.exd5 Qxd5 3.Nc3 Qd6 4.d4 Nf6 5.Nf3 g6 6.Nb5 Qb6 7.Na3 c6 8.Nc4 Qc7
9.Nce5 Bg7 10.Bc4 Nd5 11.O-O O-O 12.Bb3 Nd7 13.Nd3 a5 14.Re1 N7f6 15.c4 Nb6
16.a4 Bf5 17.Bf4 Qd8 18.h3 Nbd7 19.Nc1 Nb8 20.Ne2 Na6 21.Ng3 Bc8 22.Qd2 Nb4
23.Rac1 Re8 24.Re2 b6 25.Bg5 Ba6 26.Ne5 Nd7 27.Ng4 Nf6 28.Nh6+ Bxh6 29.Bxh6 b5
30.cxb5 cxb5 31.axb5 Bxb5 32.Re5 Bc6 33.Nf5 e6 34.Ng3 Nd7 35.Ree1 Rb8 36.h4 Nd5
37.Bd1 Ne7 38.h5 Rb4 39.hxg6 hxg6 40.Bg5 Qb6 41.Bxe7 Rxe7 42.Qh6 Nf6 43.Nf5 exf5
44.Rxe7 Qxd4 45.Bf3 Rb6 46.Rd1  1-0

[Event "ch-CHN 2017"]
[Site "Xinghua CHN"]
[Date "2017.04.27"]
[Round "5.5"]
[White "Gao Rui"]
[Black "Wei Yi"]
[Result "1/2-1/2"]
[WhiteElo "2543"]
[BlackElo "2727"]

1.e4 e5 2.Nf3 Nc6 3.Bb5 a6 4.Ba4 Nf6 5.O-O Nxe4 6.d4 b5 7.Bb3 d5 8.dxe5 Be6
9.Nbd2 Be7 10.c3 O-O 11.Bc2 f5 12.Nb3 Qd7 13.Nbd4 Nxd4 14.Nxd4 c5 15.Nxe6 Qxe6
16.f3 Ng5 17.Bxg5 Bxg5 18.f4 Be7 19.Qf3 Rad8 20.Rad1 c4 21.Kh1 Bc5 22.Rd2 Rd7
23.h3 g6 24.Rfd1 Rfd8 25.g4 fxg4 26.hxg4 d4 27.cxd4 Rxd4 28.Rxd4 Rxd4 29.Rxd4 Bxd4
30.b3 Kg7  1/2-1/2

[Event "ch-CHN 2017"]
[Site "Xinghua CHN"]
[Date "2017.04.30"]
[Round "7.6"]
[White "Xu,Yinglun"]
[Black "Wei Yi"]
[Result "0-1"]
[WhiteElo "2557"]
[BlackElo "2727"]

1.Nf3 d5 2.d4 Nf6 3.c4 e6 4.Nc3 c5 5.cxd5 Nxd5 6.e4 Nxc3 7.bxc3 cxd4 8.cxd4 Bb4+
9.Bd2 Bxd2+ 10.Qxd2 O-O 11.Bc4 Nd7 12.O-O b6 13.Rfe1 Bb7 14.a4 Rc8 15.Bb5 Nf6
16.Bd3 h6 17.a5 b5 18.a6 Bc6 19.Qb4 Qb6 20.Nd2 Rfd8 21.Nb3 e5 22.d5 Bd7 23.Na5 Rc7
24.Nb7 Rdc8 25.h3 Rc3 26.Red1 R8c7 27.Nd6 Nh5 28.Nf5 Nf4 29.Bf1 Rc2 30.Ne3 R2c3
31.d6 Rc8 32.Ra2 Rxe3 33.fxe3 Qxe3+ 34.Rf2 Qg3 35.Rf3 Nxh3+ 36.Kh1 Qg4 37.Bxb5 Bxb5
38.Qxb5 Nf2+ 39.Kh2 Nxd1 40.Qxe5 Qh4+ 41.Rh3 Qg5 42.Qxg5 hxg5 43.Rb3 Nf2
44.Rb7 Nxe4 45.d7 Rd8 46.Rxa7 Nc5 47.Rc7 Nxd7 48.a7 Nf8  0-1

[Event "ch-CHN 2017"]
[Site "Xinghua CHN"]
[Date "2017.05.01"]
[Round "8.1"]
[White "Zhou Jianchao"]
[Black "Wei Yi"]
[Result "1/2-1/2"]
[WhiteElo "2613"]
[BlackElo "2727"]

1.Nf3 d5 2.d4 Nf6 3.Bf4 Bf5 4.e3 e6 5.Bd3 Bxd3 6.Qxd3 c5 7.Qb5+ Qd7 8.a4 Nc6
9.c3 a6 10.Qe2 Bd6 11.Bxd6 Qxd6 12.Nbd2 O-O 13.O-O Rac8 14.Rfd1 Rfd8 15.h3 h6
16.Nb3 Nd7 17.e4 dxe4 18.Qxe4 Nf6 19.Qe2 cxd4 20.Nbxd4 Nxd4 21.Rxd4 Qc7 22.Rad1 Rd5
23.Rxd5 Nxd5 24.Rd4 Nf6 25.Qe5 Nd5 26.Qe2 Nf6 27.Qe5 Nd5 28.Qe2 Nf6  1/2-1/2

[Event "ch-CHN 2017"]
[Site "Xinghua CHN"]
[Date "2017.05.02"]
[Round "9.6"]
[White "Wei Yi"]
[Black "Wang Chen"]
[Result "1-0"]
[WhiteElo "2727"]
[BlackElo "2505"]

1.e4 c5 2.Nf3 e6 3.Nc3 a6 4.Be2 Nc6 5.d4 cxd4 6.Nxd4 Nge7 7.Nb3 Qc7 8.Be3 Ne5
9.O-O d6 10.a4 Bd7 11.a5 Nc4 12.Bxc4 Qxc4 13.Qd2 Rc8 14.f4 Ng6 15.f5 Ne5
16.fxe6 fxe6 17.Rad1 h6 18.Bd4 Qc7 19.Qf2 Bc6 20.Bxe5 dxe5 21.Qg3 g5 22.Qg4 Bd7
23.Qh5+ Kd8 24.Qg6 Qc6 25.Rf7 Bd6 26.Qf6+ Kc7 27.Qxe6 Rcd8 28.Qf6 Rhf8 29.Rxd6  1-0

[Event "ch-CHN 2017"]
[Site "Xinghua CHN"]
[Date "2017.05.03"]
[Round "10.2"]
[White "Wen Yang"]
[Black "Wei Yi"]
[Result "1/2-1/2"]
[WhiteElo "2613"]
[BlackElo "2727"]

1.Nf3 c5 2.c4 Nc6 3.e3 Nf6 4.Be2 g6 5.b3 Bg7 6.Bb2 O-O 7.O-O b6 8.d4 cxd4
9.Nxd4 Nxd4 10.Bxd4 Bb7 11.Bf3 Bxf3 12.Qxf3 d5 13.cxd5 Qxd5 14.Nc3 Qxf3 15.gxf3 Rfd8
16.Rfd1 Ne8 17.Bxg7 Kxg7 18.Kf1 Rac8 19.Rxd8 Rxd8 20.Ke2 Rc8 21.Kd3 Rc5 22.Ne4 Rh5
23.Rh1 Rd5+ 24.Ke2 Nf6 25.Rc1 Rd7 26.Nxf6 Kxf6 27.Rc4 h5 28.a4 Ke6 29.f4 Kf5
30.h3 e5  1/2-1/2

[Event "ch-CHN 2017"]
[Site "Xinghua CHN"]
[Date "2017.05.04"]
[Round "11.5"]
[White "Wei Yi"]
[Black "Bai,Jinshi"]
[Result "1-0"]
[WhiteElo "2727"]
[BlackElo "2585"]

1.e4 e5 2.Nc3 Nf6 3.Nf3 Bb4 4.Nxe5 O-O 5.Be2 Re8 6.Nd3 Bxc3 7.dxc3 Nxe4 8.O-O b6
9.f3 Nd6 10.Re1 Nc6 11.Bf1 Bb7 12.Rxe8+ Qxe8 13.Bf4 Qe7 14.Nb4 Nxb4 15.cxb4 Ne8
16.Qd2 d6 17.Re1 Qd7 18.Bd3 Nf6 19.Bg5 Re8 20.Bxf6 gxf6 21.b5 Rxe1+ 22.Qxe1 h6
23.Qg3+ Kf8 24.Qf4 Kg7 25.Kf2 Bd5 26.c4 Bb7 27.b4 Qe6 28.Qf5 Qxf5 29.Bxf5 c5
30.bxc5 dxc5 31.Kg3 h5 32.Kh4 Kh6 33.a3 a6 34.a4 a5 35.h3 Ba8 36.Bc8 f5 37.Kg3 Kg5
38.h4+ Kg6 39.Kf4 Kf6 40.Bxf5 Bb7 41.Bh3 Ke7 42.Kg5 Kd6 43.Kf6 Ba8 44.Bc8  1-0

[Event "16th Asian Continental"]
[Site "Chengdu CHN"]
[Date "2017.05.12"]
[Round "1.2"]
[White "Wei Yi"]
[Black "Xu,Yi"]
[Result "1-0"]
[WhiteElo "2732"]
[BlackElo "2456"]

1.e4 e5 2.Nf3 Nc6 3.Bb5 a6 4.Ba4 Nf6 5.O-O Be7 6.d3 b5 7.Bb3 d6 8.a4 Bd7
9.c3 O-O 10.Bc2 Re8 11.Nbd2 Bf8 12.Re1 b4 13.Nf1 h6 14.Ng3 bxc3 15.bxc3 d5
16.exd5 Nxd5 17.Bd2 Bc5 18.a5 Nf6 19.h3 Bd6 20.Nh4 Bf8 21.Qf3 Nh7 22.Bb3 Qf6
23.Qh5 Be6 24.Ne4 Qd8 25.Ba4 Bd7 26.Re3 Nf6 27.Nxf6+ Qxf6 28.Bb3 e4 29.Rxe4 Rxe4
30.dxe4 Re8 31.Bd5 Ne5 32.f4 Bc5+ 33.Kh2 Nd3 34.Rf1 Bf2 35.Rxf2 Nxf2 36.e5 Qe7
37.Ng6 Qd8 38.f5 Be6 39.fxe6 fxg6 40.Qxg6 Re7 41.c4 c6 42.Bb4 cxd5 43.Bxe7 Qxe7
44.cxd5 Qh4 45.Qf7+ Kh7 46.Qf5+ Kg8 47.d6 Ne4 48.Qf7+ Kh7 49.Qf3 Ng5 50.Qf5+ g6
51.Qf6 Qe1 52.d7 Nf3+ 53.Qxf3  1-0

[Event "16th Asian Continental"]
[Site "Chengdu CHN"]
[Date "2017.05.13"]
[Round "2.1"]
[White "Sengupta,D"]
[Black "Wei Yi"]
[Result "1/2-1/2"]
[WhiteElo "2586"]
[BlackElo "2732"]

1.d4 Nf6 2.Nf3 d5 3.c4 e6 4.g3 Bb4+ 5.Nbd2 O-O 6.Bg2 dxc4 7.Qc2 a5 8.Qxc4 b6
9.a3 Be7 10.Ne5 Ra7 11.Ndf3 Ba6 12.Qc2 c5 13.Bf4 cxd4 14.Rd1 Nd5 15.Nxd4 Nxf4
16.gxf4 Qc7 17.Qb3 Bf6 18.Qg3 Rd8 19.O-O Qc8 20.Qb3 Bxe5 21.fxe5 Rad7 22.Rc1 Rc7
23.Qe3 Rxc1 24.Rxc1 Qd7 25.Nc6 Nxc6 26.Bxc6 Qe7 27.f4 h6 28.Kg2 Bb7 29.Kg3 Rc8
30.Bxb7 Rxc1 31.Qxc1 Qxb7 32.Qe3 h5 33.Qd4 Qc6 34.Qd8+ Kh7 35.Qd3+ g6 36.Qd4 a4
37.Qd8 Qc5 38.Kf3 b5 39.h4 Qc6+ 40.Kf2 Qe4 41.e3 Qc2+ 42.Kf3 Qf5 43.Qf8 Qg4+
44.Ke4 Qg2+ 45.Kd3 Qd5+ 46.Kc2 Qb3+ 47.Kb1 Qd3+ 48.Ka1 Qf1+ 49.Ka2 Qc4+ 50.Ka1 Qf1+
51.Ka2 Qc4+ 52.Ka1 Qf1+  1/2-1/2

[Event "16th Asian Continental"]
[Site "Chengdu CHN"]
[Date "2017.05.15"]
[Round "4.5"]
[White "Xu,Xiangyu"]
[Black "Wei Yi"]
[Result "1/2-1/2"]
[WhiteElo "2534"]
[BlackElo "2732"]

1.c4 c5 2.Nf3 Nc6 3.Nc3 e5 4.g3 g6 5.Bg2 Bg7 6.d3 Nge7 7.Bd2 d6 8.a3 h6 9.O-O Be6
10.Ne1 a5 11.Nc2 d5 12.cxd5 Nxd5 13.Nxd5 Bxd5 14.Bxd5 Qxd5 15.Bc3 b5 16.Ne3 Qe6
17.b3 h5 18.h4 f5 19.a4 b4 20.Bb2 f4 21.Nc4 g5 22.e3 fxg3 23.fxg3 gxh4 24.Qf3 O-O-O
25.Qe4 hxg3 26.Nxa5 Rh6 27.Rac1 Qd5 28.Qxd5 Rxd5 29.Nc4 Rxd3 30.Rf7 Rg6 31.a5 Nd8
32.Re7 Nc6 33.Rf7 Nd8 34.Re7 Rd7 35.Nb6+ Rxb6 36.Rxd7 Kxd7 37.axb6 Nb7 38.Kg2 h4
39.Kh3 Bf6 40.Rf1 Ke6 41.e4 Bd8 42.Rf5 Bxb6 43.Rxe5+ Kd7 44.Rd5+ Kc6 45.Bf6 Nd6
46.Bxh4 Nxe4 47.Re5 Nd2 48.Re3 Bc7 49.Rd3 Ne4 50.Kg2 Be5 51.Kf3 Nd6 52.Bxg3 c4
53.Bxe5 cxd3 54.Ke3 Ne4 55.Kxd3 Nc5+ 56.Kc4 Nxb3 57.Kxb3 Kd5 58.Kxb4 Kxe5  1/2-1/2

[Event "16th Asian Continental"]
[Site "Chengdu CHN"]
[Date "2017.05.16"]
[Round "5.7"]
[White "Wei Yi"]
[Black "Maghsoodloo,Parham"]
[Result "1/2-1/2"]
[WhiteElo "2732"]
[BlackElo "2577"]

1.e4 g6 2.Nc3 Bg7 3.h4 c5 4.h5 Nc6 5.d3 e6 6.Be3 Qa5 7.Bd2 Qd8 8.Be3 Qa5
9.Qd2 b5 10.e5 f5 11.exf6 Nxf6 12.Bh6 Bxh6 13.Qxh6 Rg8 14.Qg5 Nd5 15.Ne2 Bb7
16.O-O-O h6 17.Qg3 Nxc3 18.Nxc3 Nd4 19.Kb1 g5 20.Ne4 Bxe4 21.dxe4 O-O-O 22.Qd6 Qb6
23.Qxb6 axb6 24.c3 Nc6 25.Bxb5 Ne5 26.f3 Rgf8 27.Rhf1 Rf4 28.Be2 Rdf8 29.Kc1 Kc7
30.Kd2 d5 31.g3 R4f6 32.Ke3 dxe4 33.Kxe4 Nf7 34.Ke3 Nd6 35.Rd2 Rf5 36.Bd3 Re5+
37.Kf2 g4 38.f4 Rxh5 39.Kg2 Rd5 40.Rfd1 Rd8 41.Be2  1/2-1/2

[Event "16th Asian Continental"]
[Site "Chengdu CHN"]
[Date "2017.05.17"]
[Round "6.7"]
[White "Tran Tuan Minh"]
[Black "Wei Yi"]
[Result "1-0"]
[WhiteElo "2537"]
[BlackElo "2732"]

1.d4 Nf6 2.c4 g6 3.Nc3 d5 4.Bg5 Ne4 5.Bh4 Nxc3 6.bxc3 dxc4 7.e3 Be6 8.Nf3 Bg7
9.Qb1 b6 10.Be2 O-O 11.O-O c5 12.Rd1 Qc7 13.Qb2 Re8 14.Ng5 Bd5 15.e4 Bb7
16.Bg3 Qc8 17.Bxc4 e6 18.d5 exd5 19.Rxd5 Ba6 20.Bb3 c4 21.Ba4 Nc6 22.e5 Bb7
23.f4 Nb4 24.Bxe8 Bxd5 25.Bxf7+ Bxf7 26.Qxb4 Bf8 27.Qb2 Bd5 28.Rd1 Qc6 29.Qd2 Rd8
30.e6 Bc5+ 31.Bf2 Rd6 32.Nf7 Rxe6 33.Nd8 Bxf2+ 34.Qxf2 Qa4 35.Rxd5 Re7 36.h3 Qe8
37.Kh2 Rd7 38.Qd4  1-0

[Event "16th Asian Continental"]
[Site "Chengdu CHN"]
[Date "2017.05.18"]
[Round "7.13"]
[White "Wei Yi"]
[Black "Atabayew,S"]
[Result "1-0"]
[WhiteElo "2732"]
[BlackElo "2422"]

1.e4 c5 2.Nf3 d6 3.d4 cxd4 4.Nxd4 Nf6 5.Nc3 a6 6.Nb3 e6 7.g4 Be7 8.Bg2 Nc6
9.g5 Nd7 10.f4 e5 11.Nd5 exf4 12.Bxf4 Nde5 13.Qd2 Be6 14.O-O-O Rc8 15.Nxe7 Kxe7
16.Kb1 Qc7 17.c3 Nc4 18.Qf2 Rhd8 19.Qh4 N6e5 20.Bc1 Qb6 21.Ka1 Ng6 22.Qg3 a5
23.Nd4 a4 24.Bh3 Qc5 25.Bxe6 fxe6 26.Qh3 Nf8 27.Rhf1 Qe5 28.Qf3 Re8 29.Qf7+ Kd8
30.Qxb7 Na5 31.Qb6+ Ke7 32.Bf4 Nd7 33.Qa7 Ra8 34.Qxd7+ Kxd7 35.Bxe5 dxe5
36.Rf7+  1-0

[Event "16th Asian Continental"]
[Site "Chengdu CHN"]
[Date "2017.05.19"]
[Round "8.8"]
[White "Lalith,B"]
[Black "Wei Yi"]
[Result "0-1"]
[WhiteElo "2529"]
[BlackElo "2732"]

1.c4 c5 2.g3 g6 3.Bg2 Bg7 4.Nc3 Nc6 5.Nf3 e5 6.d3 Nge7 7.O-O O-O 8.Rb1 d6
9.Ne1 Be6 10.Nc2 d5 11.cxd5 Nxd5 12.Ne4 b6 13.Ng5 Bc8 14.Ne3 Nde7 15.a3 a5
16.Bd2 h6 17.Nf3 Be6 18.a4 Qc7 19.b3 Rad8 20.Qc1 f5 21.Nc4 g5 22.Bc3 Ng6
23.Qb2 g4 24.Ne1 Nb4 25.f4 exf4 26.Bxg7 Qxg7 27.Qxg7+ Kxg7 28.gxf4 Bxc4 29.bxc4 Rfe8
30.Rb2 Re3 31.Kf2 Re7 32.Kg1 Re3 33.Kf2 Rde8 34.Be4 fxe4 35.Kxe3 exd3+ 36.Kf2 Nxf4
37.Kg3 Nxe2+ 38.Kxg4 Re4+ 39.Kf5 Rxc4 40.Rf2 Nd4+ 41.Ke5 Rc1 42.Nf3 Ndc2
43.Ke6 c4 44.Ne5 Re1 45.Rg2+ Kf8 46.Rf2+ Ke8 47.Rg2 Nd4+ 48.Kd6 Nf5+ 49.Ke6 Nd4+
50.Kd6 Nf5+ 51.Ke6 Ne7 52.Rg7 Nbc6 53.Rxe7+ Nxe7 54.Rxb6 Rxe5+ 55.Kxe5 d2
56.Rb1 c3 57.Ke6 Nc6  0-1

[Event "16th Asian Continental"]
[Site "Chengdu CHN"]
[Date "2017.05.20"]
[Round "9.4"]
[White "Wei Yi"]
[Black "Karthikeyan,M2"]
[Result "1-0"]
[WhiteElo "2732"]
[BlackElo "2585"]

1.e4 e5 2.Nf3 Nc6 3.Bb5 a6 4.Ba4 Nf6 5.O-O Be7 6.Re1 b5 7.Bb3 d6 8.c3 O-O
9.h3 Nb8 10.d4 Nbd7 11.c4 c6 12.Nc3 Qc7 13.a3 Nb6 14.c5 dxc5 15.dxe5 Ne8
16.Ne2 g6 17.Bf4 c4 18.Bc2 Qb7 19.Qc1 Ng7 20.Ng3 f6 21.exf6 Bxf6 22.Bh6 Be7
23.h4 Qc7 24.h5 Bg4 25.hxg6 hxg6 26.Nh2 Rxf2 27.Kxf2 Rf8+ 28.Kg1 Qxg3 29.Qe3 Qh4
30.Bxg7 Kxg7 31.Qxb6 Qg5 32.Qd4+ Kg8 33.e5 Bh3 34.Re2  1-0

[Event "CHN Team Men 2017"]
[Site "Beijing CHN"]
[Date "2017.06.06"]
[Round "1.2"]
[White "Wei Yi"]
[Black "Wan Yunguo"]
[Result "1-0"]
[WhiteElo "2728"]
[BlackElo "2482"]

1.d4 Nf6 2.Bf4 g6 3.Nc3 Bg7 4.e4 d6 5.Qd2 O-O 6.O-O-O Nc6 7.f3 Nh5 8.Bh6 e5
9.Nge2 Bxh6 10.Qxh6 exd4 11.Nxd4 Nxd4 12.Rxd4 Bd7 13.g4 Nf6 14.h4 Qe7 15.h5 Be6
16.Rd2 Kh8 17.Qe3 Kg8 18.Rdh2 Rad8 19.Qh6 c6 20.Bd3 Kh8 21.e5  1-0

[Event "CHN Team Men 2017"]
[Site "Beijing CHN"]
[Date "2017.06.07"]
[Round "2.3"]
[White "Xu,Yinglun"]
[Black "Wei Yi"]
[Result "0-1"]
[WhiteElo "2536"]
[BlackElo "2728"]

1.d4 Nf6 2.c4 e6 3.Nf3 d5 4.Nc3 Nbd7 5.cxd5 exd5 6.Bg5 c6 7.e3 h6 8.Bh4 g5
9.Bg3 Nh5 10.Bd3 Nxg3 11.hxg3 Bg7 12.Qc2 Qe7 13.Bf5 Nb6 14.O-O Bxf5 15.Qxf5 Nc4
16.Qc2 Nd6 17.b4 O-O 18.b5 Nxb5 19.Nxb5 cxb5 20.Qb3 Qd7 21.Rfb1 Rfc8 22.Ne1 a6
23.a4 b6 24.Nd3 Ra7 25.axb5 a5 26.Rc1 Rxc1+ 27.Nxc1 Rc7 28.Ne2 Rc4 29.Nc3 Bf8
30.e4 Rxd4 31.Nxd5 Qe6 32.Ra4 Rxa4 33.Qxa4 Bc5 34.Qa1 f5 35.Nc7 Qd7 36.Nd5 Qe6
37.Nc7 Qf7 38.Na6 Bf8 39.Qd4 fxe4 40.Qxb6 a4 41.Qa5 a3 42.b6 Qb3 43.Kh2 e3
44.fxe3 Bd6 45.Nc7 a2 46.b7 a1=Q 47.Qxa1 Bxc7 48.Qf6 Qf7 49.Qb6 Qh5+  0-1

[Event "CHN Team Men 2017"]
[Site "Beijing CHN"]
[Date "2017.06.08"]
[Round "3.1"]
[White "Wei Yi"]
[Black "Yu Yangyi"]
[Result "1/2-1/2"]
[WhiteElo "2728"]
[BlackElo "2749"]

1.d4 Nf6 2.c4 e6 3.g3 d5 4.Bg2 Bb4+ 5.Nd2 O-O 6.Nf3 b6 7.O-O Bb7 8.a3 Be7
9.cxd5 exd5 10.b4 a5 11.b5 c6 12.bxc6 Nxc6 13.e3 b5 14.Ne5 Bd6 15.Bb2 a4
16.Qb1 Rb8 17.Bc3 Ba8 18.Nxc6 Bxc6 19.Nf3 Qe7 20.Ne5 Rfc8 21.Bh3 Bd7 22.Nxd7 Nxd7
23.Qb2 Rc6 24.Rfc1 h5 25.Ba5 Rxc1+ 26.Qxc1 Nf6 27.Bf1 h4 28.Be1 hxg3 29.hxg3 g6
30.Qc6 Kg7 31.Bxb5 Bxg3 32.Bf1 Ng4 33.Qxd5 Qh4 34.Qg2 Bh2+ 35.Kh1 Bd6+ 36.Kg1 Bh2+
37.Kh1 Rb2 38.Qh3 Nxf2+ 39.Bxf2 Qxf2 40.Bc4 Qc2 41.Bd5 Bd6 42.Rf1 f5 43.e4 Rb1
44.Rg1 Rxg1+ 45.Kxg1 Qd1+ 46.Kg2 Qd2+ 47.Kf1 Qxd4 48.Qf3 f4 49.Kg2 Kf6 50.Bc6 Qc4
51.Kh3 Qb3 52.Kg2 Ke5 53.Bd5 Qb2+ 54.Kh3 Bxa3 55.Kg4 Qc1 56.Kg5 Qe3 57.Qd1 f3+
58.Kxg6 Bb2 59.Qxa4 f2 60.Qb5 Qg3+ 61.Kf7 Qf3+ 62.Ke8 Kf4 63.Bc4 Be5 64.Qd7 Qg3
65.Qd2+ Kxe4 66.Qd5+ Kf4 67.Qd2+ Ke4 68.Qd5+ Kf4 69.Qd2+  1/2-1/2

[Event "CHN Team Men 2017"]
[Site "Beijing CHN"]
[Date "2017.06.09"]
[Round "4.1"]
[White "Ma Qun"]
[Black "Wei Yi"]
[Result "1/2-1/2"]
[WhiteElo "2637"]
[BlackElo "2728"]

1.e4 e5 2.Nf3 Nc6 3.Bc4 Bc5 4.c3 Nf6 5.d4 exd4 6.cxd4 Bb4+ 7.Bd2 Bxd2+ 8.Nbxd2 d5
9.exd5 Nxd5 10.O-O O-O 11.Rc1 Nb6 12.Bb3 a5 13.a3 a4 14.Ba2 Nxd4 15.Nxd4 Qxd4
16.Rxc7 Qxb2 17.Nc4 Nxc4 18.Bxc4 Qf6 19.Re1 Be6 20.Bxe6 fxe6 21.Qe2 Rf7 22.Rxf7 Qxf7
23.Qxe6 Qxe6 24.Rxe6 Rc8 25.h4 Rc3 26.Re4 b5 27.Re5 Rb3 28.Kh2 Kf7 29.h5 Kf6
30.f4 b4  1/2-1/2

[Event "CHN Team Men 2017"]
[Site "Beijing CHN"]
[Date "2017.06.10"]
[Round "5.2"]
[White "Wei Yi"]
[Black "Li,Yankai"]
[Result "1-0"]
[WhiteElo "2728"]
[BlackElo "2451"]

1.e4 e5 2.Nf3 Nf6 3.Nxe5 d6 4.Nf3 Nxe4 5.c4 Be7 6.d4 Bg4 7.h3 Bh5 8.Bd3 Nf6
9.O-O O-O 10.Nc3 c6 11.Re1 Nbd7 12.Bf4 Re8 13.g4 Bg6 14.Bxg6 hxg6 15.d5 Nb6
16.dxc6 bxc6 17.Qd4 c5 18.Qd3 d5 19.Ne5 Nxc4 20.Nxc4 dxc4 21.Qxc4 Qd4 22.b3 Bd6
23.Be3 Qxc4 24.bxc4 Be5 25.Rac1 Bd4 26.Bxd4 Rxe1+ 27.Rxe1 cxd4 28.Nb5 Rc8
29.Rc1 d3 30.Rd1 Rxc4 31.Rxd3 g5 32.Rd8+ Kh7 33.Ra8 Rf4 34.Nd6 Ne4 35.Nxe4 Rxe4
36.Rxa7 Re1+ 37.Kg2 Ra1 38.Ra3 Kg6 39.Kf3 Kf6 40.Ke4 g6 41.Rf3+ Ke6 42.a3 f5+
43.Kd4 fxg4 44.hxg4 Rg1 45.Rg3 Rf1 46.Re3+ Kd6 47.Rd3 Ke6 48.f3 Ra1 49.Kc4 Ke5
50.Kb4 Rb1+ 51.Ka5 Rb8 52.a4 Ra8+ 53.Kb5 Rb8+ 54.Kc6 Ra8 55.Ra3 Kd4 56.a5 Ra6+
57.Kb5 Ra8 58.a6 Rb8+ 59.Kc6  1-0

[Event "CHN Team Men 2017"]
[Site "Beijing CHN"]
[Date "2017.06.11"]
[Round "6.1"]
[White "Bu Xiangzhi"]
[Black "Wei Yi"]
[Result "1/2-1/2"]
[WhiteElo "2712"]
[BlackElo "2728"]

1.d4 Nf6 2.Nf3 d5 3.c4 e6 4.Nc3 c5 5.e3 Nc6 6.a3 a6 7.dxc5 Bxc5 8.b4 Ba7
9.Bb2 O-O 10.Qc2 Bd7 11.Be2 dxc4 12.Bxc4 Rc8 13.Ne4 Nxe4 14.Qxe4 Nd4 15.Ne5 Bb5
16.Bxb5 Nxb5 17.O-O Qe7 18.Rad1 Rfd8 19.Nc4 Bd4 20.Bxd4 Rxc4 21.Bc5 Rxd1
22.Rxd1 Rxe4 23.Bxe7 h5 24.a4 Nc3 25.Rd8+ Kh7 26.Rd7 b6 27.Ra7 Rc4 28.h3 Nd5
29.Bd6 Rc6 30.e4 Rxd6 31.exd5 Rxd5 32.Rxa6 b5  1/2-1/2

[Event "CHN Team Men 2017"]
[Site "Beijing CHN"]
[Date "2017.06.12"]
[Round "7.4"]
[White "Wang,Yiye"]
[Black "Wei Yi"]
[Result "0-1"]
[WhiteElo "2438"]
[BlackElo "2728"]

1.Nf3 c5 2.e4 Nc6 3.c3 d5 4.exd5 Qxd5 5.d4 Bf5 6.Be3 cxd4 7.Nxd4 Nf6 8.Nxf5 Qxf5
9.Qd3 Qxd3 10.Bxd3 O-O-O 11.Bb5 Kc7 12.Nd2 Nd5 13.Nc4 Nxe3 14.Nxe3 e6 15.Ke2 Bc5
16.Rad1 Bxe3 17.Kxe3 Ne7 18.Ke2 a6 19.Ba4 h6 20.Rhe1 g5 21.Rxd8 Rxd8 22.Rd1 Rd6
23.Bc2 Rb6 24.Bb3 Nc6 25.Kd3 Rb5 26.Re1 Rf5 27.Ke2 Rb5 28.Kd2 Na5 29.Kc2 g4
30.f3 gxf3 31.gxf3 Nc6 32.Kd2 Na5 33.Kc2 Rh5 34.Re2 Rh3 35.Rf2 Kd6 36.Kd2 Ke5
37.Ke3 Kf5 38.Re2 Kf6 39.Rd2 Nxb3 40.axb3 e5 41.Rf2 e4 42.Kf4 Rxf3+ 43.Rxf3 exf3
44.Kxf3 a5 45.Kf4 Ke6 46.h3 Kf6 47.b4 axb4 48.cxb4 b5  0-1

[Event "CHN Team Men 2017"]
[Site "Beijing CHN"]
[Date "2017.06.13"]
[Round "8.4"]
[White "Wei Yi"]
[Black "Xu,Xiangyu"]
[Result "1-0"]
[WhiteElo "2728"]
[BlackElo "2536"]

1.d4 Nf6 2.Nf3 g6 3.Bg5 Bg7 4.Nbd2 d5 5.e3 O-O 6.c3 b6 7.a4 Bb7 8.Be2 c5
9.O-O Nc6 10.Qb1 Qe8 11.a5 Qd8 12.a6 Bc8 13.Rd1 cxd4 14.exd4 Bf5 15.Bd3 Qc8
16.h3 e6 17.Re1 Qc7 18.Bh4 Rfc8 19.Bxf5 gxf5 20.Bg3 Qd8 21.Bh2 Ne7 22.Ne5 Ne4
23.Ndf3 Ng6 24.Nd3 Qe8 25.Qd1 Qb5 26.h4 h6 27.h5 Nf8 28.Be5 Nh7 29.Bxg7 Kxg7
30.Nfe5 Rg8 31.f3 Nd6 32.b3 Rac8 33.Qc2 Rc7 34.Nf4 Ng5 35.Re3 Rgc8 36.Kh2 Kf8
37.Qb2 Ke7 38.Rae1 Qxa6 39.c4 dxc4 40.d5 c3 41.Qc2 Kf6 42.dxe6 fxe6 43.Ng4+ fxg4
44.Qg6+  1-0

[Event "CHN Team Men 2017"]
[Site "Beijing CHN"]
[Date "2017.06.14"]
[Round "9.4"]
[White "Lan,Zilun"]
[Black "Wei Yi"]
[Result "0-1"]
[WhiteElo "2354"]
[BlackElo "2728"]

1.d4 Nf6 2.Nf3 g6 3.c4 Bg7 4.Nc3 d5 5.cxd5 Nxd5 6.Bd2 O-O 7.e4 Nb6 8.Be3 Bg4
9.Be2 Bxf3 10.Bxf3 Nc4 11.e5 c6 12.O-O Nd7 13.Qe2 Nxe3 14.fxe3 f6 15.exf6 exf6
16.e4 Kh8 17.Rad1 Qe7 18.Bg4 Nb6 19.Kh1 Rad8 20.Qf2 Rd6 21.Qh4 Qd8 22.Ne2 Re8
23.Qh3 Rxe4 24.Nf4 f5 25.Nxg6+ Rxg6 26.Bxf5 Rh6  0-1

[Event "11th World Teams 2017"]
[Site "Khanty-Mansiysk RUS"]
[Date "2017.06.17"]
[Round "1.1"]
[White "Wei Yi"]
[Black "Aleksandrov,A"]
[Result "1-0"]
[WhiteElo "2728"]
[BlackElo "2565"]

1.d4 Nf6 2.Bf4 d5 3.e3 c5 4.Nd2 Nc6 5.c3 Qb6 6.Qc2 Bg4 7.dxc5 Qxc5 8.Ngf3 a6
9.h3 Bh5 10.b4 Qb6 11.Qa4 Nd7 12.Bg3 Bxf3 13.Nxf3 e6 14.Bd3 Be7 15.O-O O-O
16.Rab1 h6 17.a3 Rfc8 18.Rfd1 Nf6 19.Qb3 a5 20.Rbc1 Rd8 21.Qb1 Bd6 22.Bxd6 Rxd6
23.c4 dxc4 24.Bh7+ Nxh7 25.Rxd6 Qc7 26.Rcd1 axb4 27.axb4 Nf8 28.b5 Ne7 29.b6 Qc5
30.Rd8 Rxd8 31.Rxd8 Nd5 32.Rb8 c3 33.Nd4 e5 34.Nc2 Qc6 35.Qb3 Nxb6 36.Qb4 Nd7
37.Rxb7 Qd5 38.Qb1 Qd2 39.Rc7 g6 40.Qb3 Qd1+ 41.Kh2 Qf1 42.f3 e4 43.f4 g5
44.Qc4 Qf2 45.Qxe4 g4 46.hxg4 Nf6 47.Qf5 Qh4+ 48.Kg1 Ne6 49.Re7 Kf8 50.Ra7 Nd8
51.Qc5+ Kg8 52.Qe7  1-0